000 00572cam a22001814a 4500
005 20250605164146.0
008 250528s ||||||||||||||||||||||||d
035 _a19188
040 _aGR-AtMCL
_bgre
_dGR-AtMCL
_eAACR2
245 1 _aΑγγλοελληνικό Λεξικό Ορολογίας / Διοικητικών, Εμπορικών και Οικονομικών Επιστημών
260 _bΠαπαζήση,
_c1972
300 _a538
700 1 _aΠούρης Δημήτρης
_95433
942 _cBK
999 _c4461
_d4461